| 000 | 00806nam a22002177a 4500 | ||
|---|---|---|---|
| 999 |
_c1697 _d1697 |
||
| 003 | AR-CdUCM | ||
| 008 | 190227b ||||| |||| 00| 0 spa d | ||
| 040 |
_aMUNICIPALIDAD PROVINCIAL DEL CUSCO _cBIBLIOTECA MUNICIPAL DEL CUSCO |
||
| 082 |
_a376.5 / _bN29 |
||
| 100 |
_aPascual Navarro, José _96278 |
||
| 245 |
_aBermudez de la Torre, Escritor Virreynal : _b(Notas sobre su vida y su epoca) / _cPascual Navarro, José |
||
| 260 |
_aPiura - Perú : _bUniversidad de Piura , _c1973. |
||
| 300 |
_a63 paginas : _c18.5 cm. |
||
| 505 | _aEntorno Historico -- Entorno Literario -- Aspectos Biograficos... | ||
| 650 |
_aBermudez. _96279 |
||
| 650 |
_aVirreinato. _96280 |
||
| 650 |
_aDerecho Canonico y Civil. _96281 |
||
| 700 |
_aPascual Navarro, José _96278 |
||
| 942 |
_2ddc _cLIBROS |
||
| 945 |
_artm _d2019-02-27 |
||